|
|
|
|
| LEADER |
01500nam a2200337Ka 4500 |
| 001 |
29446 |
| 003 |
BD-DhAAL |
| 005 |
20150803093056.0 |
| 008 |
150803s2012 txu 000 0 eng d |
| 020 |
|
|
|a 9780979926938
|
| 020 |
|
|
|a 0979926939
|
| 035 |
|
|
|a (POOF)26200
|
| 035 |
|
|
|a 8639087
|
| 035 |
|
|
|a (OCoLC)828937385
|
| 040 |
|
|
|a IAD
|c IAD
|d OCLCF
|d BD-DhAAL
|
| 050 |
1 |
4 |
|a QA43
|b .A536 2012
|
| 082 |
0 |
0 |
|a 510
|
| 100 |
1 |
|
|a Andreescu, Titu,
|d 1956-
|9 13440
|
| 245 |
1 |
0 |
|a Straight from the book /
|c Titu Andreescu, Gabriel Dospinescu.
|
| 260 |
|
|
|a Plano, Tex. :
|b XYZ Press,
|c c2012.
|
| 300 |
|
|
|a xvii, 590 p. ;
|c 22 cm.
|
| 504 |
|
|
|a Includes bibliography (p. 585-590)
|
| 505 |
0 |
|
|a Some useful substitutions -- Always Cauchy-Schwarz... -- Loot at the exponent -- Primes and squares -- T2's lemma -- Some classical problems in extremal graph theory -- Complex combinatorics -- Formal series revisited -- A little introduction to algebraic number theory -- Arithmetic properties of polynomials -- Lagrange interpolation formula -- Higher algebra in combinatorics.
|
| 541 |
|
|
|e 29446
|
| 650 |
|
0 |
|a Mathematics
|v Problems, exercises, etc.
|9 13441
|
| 650 |
|
7 |
|a Mathematics.
|2 fast
|9 13458
|
| 655 |
|
7 |
|a Problems, exercises, etc.
|2 fast
|9 13459
|
| 700 |
1 |
|
|a Dospinescu, Gabriel.
|9 13442
|
| 942 |
|
|
|2 ddc
|c BK
|
| 999 |
|
|
|c 35133
|d 35133
|
| 952 |
|
|
|0 0
|1 0
|2 ddc
|4 0
|6 510_000000000000000_AND
|7 0
|9 55082
|a BRACUL
|b BRACUL
|c GEN
|d 2015-08-03
|e Development Book Agency
|l 0
|o 510 AND
|p 3010029446
|r 2015-08-03
|t 1
|w 2015-08-03
|y BK
|